00724 a2200193 450000100060000002000150000604000220002110000270004324000300007024500250010030000080012536200090013365000230014294200070016595201130017295201140028595201140039999900170051356669 a8535702903 cAnchieta - Pituba aMott, Odette de Barros10aJustino, o retirantelpor10aJustino, o retirante a1440 a2003 4aLiteratura juvenil cBK 00104070a91.1b91.1d2023-11-21l0oLJ 028.5 M921j MOT JUSp6249/PITr2023-11-21 18:24:10w2023-11-21yBK 00104070a91.1b91.1d2023-11-21l0oLJ 028.5 M921j MOT JUSp18157/PITr2023-11-21 18:24:10w2023-11-21yBK 00104070a91.1b91.1d2023-11-21l0oLJ 028.5 M921j MOT JUSp18158/PITr2023-11-21 18:24:10w2023-11-21yBK c56669d56669